[Event "36th Zalakaros Open 2017"]
[Site "Zalakaros HUN"]
[Date "2017.05.19"]
[Round "2.37"]
[White "Juhasz, Armin"]
[Black "Rigo, Janos"]
[Result "1/2-1/2"]
[WhiteTitle "IM"]
[BlackTitle "IM"]
[WhiteElo "2410"]
[BlackElo "2236"]
[WhiteFideId "724270"]
[BlackFideId "700371"]
[EventDate "2017.05.18"]

1. d4 Nf6 2. c4 e6 3. Nc3 Bb4 4. Qc2 d5 5. a3 Be7 6. Nf3 c6 7. e4 dxe4 8. Nxe4
Nbd7 9. Bd3 Nxe4 10. Bxe4 Nf6 11. Bd3 b6 12. Bf4 Bb7 13. Rd1 Qc8 14. O-O c5 15.
Be2 O-O 16. dxc5 Be4 17. Qc3 Qxc5 18. Ne5 Rad8 19. b4 Qc8 20. Qg3 Rxd1 21. Rxd1
Rd8 22. Rc1 Nd7 23. Nf3 Nf8 24. Be3 Bf6 25. Bg5 Bb2 26. Re1 f6 1/2-1/2

[Event "36th Zalakaros Open 2017"]
[Site "Zalakaros HUN"]
[Date "2017.05.19"]
[Round "2.38"]
[White "Sankalp, Gupta"]
[Black "Havasi, Gergo"]
[Result "0-1"]
[WhiteElo "2269"]
[BlackElo "2402"]
[WhiteFideId "5097010"]
[BlackFideId "760293"]
[EventDate "2017.05.18"]

1. e4 e5 2. Nf3 Nc6 3. d4 exd4 4. Nxd4 Nf6 5. Nxc6 bxc6 6. e5 Qe7 7. Qe2 Nd5 8.
c4 Ba6 9. Nd2 g6 10. Nf3 Qb4+ 11. Kd1 Rb8 12. Qc2 Ne7 13. b3 c5 14. Bb2 Bg7 15.
Bd3 O-O 16. Re1 Qb6 17. Ke2 Nc6 18. Bc3 Rfe8 19. Kf1 Re7 20. Re2 Rbe8 21. Rae1
Nb4 22. Bxb4 cxb4 23. Qd2 Qa5 24. Qg5 Re6 25. Be4 Bxe5 26. Bd5 Bf6 27. Qf4 Rxe2
28. Rxe2 Rxe2 29. Qxf6 Qxd5 30. Kxe2 Qe6+ 31. Qxe6 fxe6 32. Ke3 Bb7 33. Ne1 c5
34. f3 d6 35. h4 Kg7 36. Nd3 Kf6 37. g4 h6 38. Nc1 Bc6 39. Ne2 g5 40. hxg5+ hxg5
41. Nc1 Be8 42. f4 Bg6 43. Ne2 Bb1 44. Nc1 gxf4+ 45. Kxf4 e5+ 0-1

[Event "36th Zalakaros Open 2017"]
[Site "Zalakaros HUN"]
[Date "2017.05.19"]
[Round "2.39"]
[White "Zubov, Alexander"]
[Black "Szabo, Marton Mihaly"]
[Result "1-0"]
[WhiteTitle "GM"]
[BlackTitle "FM"]
[WhiteElo "2604"]
[BlackElo "2298"]
[WhiteFideId "14109409"]
[BlackFideId "787086"]
[EventDate "2017.05.18"]

1. e4 c5 2. Nf3 e6 3. d4 cxd4 4. Nxd4 a6 5. Nc3 b5 6. Bd3 Qb6 7. Nf3 Qc7 8. O-O
Bb7 9. Re1 Bc5 10. Qd2 Be7 11. Qe2 b4 12. Na4 Bc6 13. b3 Bxa4 14. bxa4 Nf6 15.
e5 Nd5 16. Qe4 Nc6 17. Qg4 g6 18. Bh6 a5 19. Qh3 O-O-O 20. a3 Kb8 21. axb4 Bxb4
22. c4 Nde7 23. Rab1 Ka8 24. Red1 Nf5 25. Bg5 Rb8 26. Bf6 Rhf8 27. g4 Nfd4 28.
Nxd4 Nxd4 29. Be4+ Nc6 30. Rb3 Rb7 31. Rbd3 Qc8 32. Qxh7 Ka7 33. Qh3 Bc5 34. Qf3
Rc7 35. Bxc6 dxc6 36. h4 Rg8 37. Kg2 Qb7 38. Bd8 Rxd8 39. Rxd8 Re7 40. Qd3 Bd4
41. Rxd4 c5+ 42. Re4 1-0

[Event "36th Zalakaros Open 2017"]
[Site "Zalakaros HUN"]
[Date "2017.05.19"]
[Round "2.40"]
[White "Pultorak, Jan"]
[Black "Aczel, Gergely"]
[Result "1-0"]
[WhiteTitle "FM"]
[BlackTitle "IM"]
[WhiteElo "2303"]
[BlackElo "2546"]
[WhiteFideId "1176021"]
[BlackFideId "727709"]
[EventDate "2017.05.18"]

1. d4 Nf6 2. Nf3 e6 3. e3 d5 4. Bd3 Nbd7 5. O-O b6 6. b3 Bb7 7. Bb2 Bd6 8. Nbd2
O-O 9. c4 Qe7 10. Ne5 Ne4 11. Rc1 Bxe5 12. dxe5 Ndc5 13. Ba3 Rfd8 14. cxd5 Bxd5
15. Bxe4 Bxe4 16. Bxc5 bxc5 17. Qg4 Rxd2 18. Qxe4 Rad8 19. Qa4 R8d5 20. Qxa7 h6
21. Qb8+ Kh7 22. a4 Rxe5 23. a5 Qd6 24. Ra1 Rh5 25. g3 Qe5 26. Qb5 Rxf2 27. Qd3+
f5 28. Kxf2 Rxh2+ 29. Kf3 Qb2 30. Rae1 Rd2 31. Re2 Rxe2 32. Qxe2 Qxb3 33. Kg2
Qa4 34. Qd2 c4 35. Qc3 h5 36. Ra1 Qc6+ 37. Kf2 Qe4 38. a6 h4 39. a7 hxg3+ 40.
Kxg3 Qg4+ 41. Kf2 Qh4+ 42. Ke2 Qg4+ 43. Kd2 Qg2+ 44. Kd1 Qf3+ 45. Kc1 Qh1+ 46.
Kb2 Qb7+ 47. Ka3 Qxa7+ 48. Kb4 Qb7+ 49. Kxc4 Qd5+ 50. Kb4 Qb7+ 51. Ka3 Qa6+ 52.
Kb2 Qe2+ 53. Kc1 Qf1+ 54. Kd2 Qg2+ 55. Kd1 Qf3+ 56. Kc2 Qe2+ 57. Qd2 Qc4+ 58.
Kd1 Qf1+ 59. Qe1 Qd3+ 60. Kc1 Qc4+ 61. Kd2 e5 62. Qh1+ Kg6 63. Qb7 Kg5 64. Rc1
Qa2+ 65. Rc2 Qa5+ 66. Ke2 g6 67. Qxc7 Qb5+ 68. Kf2 Qd3 69. Qc4 Qd1 70. Qe2 Qb1
71. Rd2 f4 72. exf4+ exf4 73. Kf3 Qf5 74. Qe7+ 1-0

[Event "36th Zalakaros Open 2017"]
[Site "Zalakaros HUN"]
[Date "2017.05.19"]
[Round "2.41"]
[White "Studer, Noel"]
[Black "Injac, Teodora"]
[Result "1-0"]
[WhiteTitle "IM"]
[BlackTitle "WFM"]
[WhiteElo "2498"]
[BlackElo "2296"]
[WhiteFideId "1319620"]
[BlackFideId "932400"]
[EventDate "2017.05.18"]

1. d4 Nf6 2. c4 g6 3. Nc3 Bg7 4. e4 d6 5. Nf3 O-O 6. Be2 Nbd7 7. O-O e5 8. Qc2
Nh5 9. Bg5 f6 10. Be3 Nf4 11. Bxf4 exf4 12. c5 dxc5 13. Nd5 g5 14. dxc5 c6 15.
Nb4 Qe7 16. Rac1 Kh8 17. Nd4 a5 18. Nf5 Qe5 19. Nd3 Qxe4 20. Nd6 Qg6 21. Qb3 Nb8
22. Nxc8 Rxc8 23. Qxb7 Na6 24. Nxf4 gxf4 25. Bxa6 f3 26. g3 f5 27. Rfd1 f4 28.
Qd7 Rf8 29. Bd3 Qg5 30. Qh3 h6 31. g4 Bxb2 32. Rc2 Bf6 33. Qxf3 Rae8 34. Rc4 Bg7
35. h3 Re5 36. Qxc6 Rd8 37. Qf3 Rxc5 38. Rxc5 Qxc5 39. Qe4 Kg8 40. Bc4+ 1-0

[Event "36th Zalakaros Open 2017"]
[Site "Zalakaros HUN"]
[Date "2017.05.19"]
[Round "2.42"]
[White "Risting, Eivind Olav"]
[Black "Swayams, Mishra"]
[Result "1-0"]
[WhiteTitle "FM"]
[BlackTitle "IM"]
[WhiteElo "2297"]
[BlackElo "2448"]
[WhiteFideId "1517333"]
[BlackFideId "5028183"]
[EventDate "2017.05.18"]

1. d4 e6 2. c4 Nf6 3. Nc3 Bb4 4. Qc2 O-O 5. Nf3 d5 6. cxd5 exd5 7. Bf4 c5 8.
dxc5 Ne4 9. e3 Bf5 10. Bd3 Nd7 11. Nd4 Bg6 12. O-O Bxc3 13. bxc3 Ndxc5 14. Bxe4
dxe4 15. a4 a6 16. Rfb1 Rc8 17. a5 Qe7 18. Rb6 Rfd8 19. Bg3 Rd7 20. Rab1 h5 21.
h4 Kh7 22. Qa2 Nd3 23. Qb3 Qc5 24. Rxb7 Rxb7 25. Qxb7 Qxc3 26. Qxa6 Rc5 27. Qb6
Rxa5 28. Qb3 Qc8 29. Qb8 Qa6 30. Qd6 Qc4 31. Qf8 Nb2 32. Kh2 Qa2 33. Rxb2 Qxb2
34. Nc6 Qa3 35. Bd6 Qa2 36. Nxa5 Qxa5 37. Qe7 Qd5 38. Qe5 Qd2 39. Bf8 f6 40. Qe7 1-0

[Event "36th Zalakaros Open 2017"]
[Site "Zalakaros HUN"]
[Date "2017.05.19"]
[Round "2.43"]
[White "Almasi, Istvan"]
[Black "Marosi, Levente"]
[Result "1/2-1/2"]
[WhiteTitle "IM"]
[BlackTitle "FM"]
[WhiteElo "2398"]
[BlackElo "2286"]
[WhiteFideId "701742"]
[BlackFideId "747181"]
[EventDate "2017.05.18"]

1. d4 Nf6 2. Nf3 g6 3. c4 Bg7 4. Nc3 O-O 5. e4 d6 6. Be2 e5 7. O-O Nc6 8. d5 Ne7
9. Ne1 Ne8 10. Nd3 f5 11. f4 exf4 12. Rxf4 g5 13. Rf1 f4 14. Bg4 Ng6 15. g3 fxg3
16. Rxf8+ Kxf8 17. hxg3 h6 18. Be3 Nf6 19. Bh5 Ne5 20. Nxe5 dxe5 21. Bg6 Kg8 22.
Qf1 a6 23. Bf5 Ng4 24. Bxg4 Bxg4 25. c5 Qd7 26. Qc4 Kh8 27. c6 bxc6 28. Qxc6
Qxc6 29. dxc6 Rd8 30. Nd5 Rd6 31. Rc1 Bf3 32. Rc4 Bxe4 33. Rxe4 Rxd5 34. b4 Bf8
35. Kg2 Bd6 36. Kf3 Kg7 37. Rc4 Rb5 38. Bd2 Rd5 39. Be3 Rb5 40. Bd2 Rd5 1/2-1/2

[Event "36th Zalakaros Open 2017"]
[Site "Zalakaros HUN"]
[Date "2017.05.19"]
[Round "2.44"]
[White "Gazik, Igor"]
[Black "Tompa, Janos"]
[Result "1-0"]
[WhiteTitle "IM"]
[BlackTitle "IM"]
[WhiteElo "2292"]
[BlackElo "2392"]
[WhiteFideId "14900149"]
[BlackFideId "700193"]
[EventDate "2017.05.18"]

1. e4 c5 2. Nc3 Nc6 3. Nf3 e6 4. d4 cxd4 5. Nxd4 Qc7 6. Be3 Nf6 7. f3 a6 8. Qd2
Be7 9. g4 h6 10. O-O-O b5 11. h4 b4 12. Na4 d5 13. Nxc6 Qxc6 14. Nb6 dxe4 15.
Nxa8 Qxa8 16. g5 hxg5 17. hxg5 Rxh1 18. gxf6 gxf6 19. Bb5+ axb5 20. Rxh1 Qd5 21.
Qg2 Qxa2 22. Qg8+ Kd7 23. Rh8 Bb7 24. Qe8+ Kd6 25. Qxb5 Qd5 26. Qxb4+ Kd7 27.
Qa4+ Qc6 28. Qd4+ Qd5 29. Qa4+ Qc6 30. Qd4+ Qd5 31. Qa7 Bd6 32. f4 Qb5 33. b3 e5
34. f5 Kc6 35. Kb2 Kd7 36. Rh1 Qa6 37. Qxa6 Bxa6 38. c4 Kc6 39. Rh7 Bc8 40. Rxf7 1-0

[Event "36th Zalakaros Open 2017"]
[Site "Zalakaros HUN"]
[Date "2017.05.19"]
[Round "2.45"]
[White "Rakesh, Kumar Jena"]
[Black "Paschall, William M."]
[Result "1/2-1/2"]
[WhiteTitle "FM"]
[BlackTitle "IM"]
[WhiteElo "2288"]
[BlackElo "2380"]
[WhiteFideId "5084822"]
[BlackFideId "2005379"]
[EventDate "2017.05.18"]

1. Nf3 c5 2. g3 Nc6 3. Bg2 g6 4. O-O Bg7 5. c3 e5 6. d4 cxd4 7. cxd4 exd4 8.
Nbd2 Nge7 9. Nb3 Nf5 10. Bg5 Qb6 11. g4 Nd6 12. Bf4 Nc4 13. Nfd2 d5 14. Bxd5
Nxd2 15. Nxd2 O-O 16. Nc4 Qd8 17. Bf3 Be6 18. Rc1 Bxc4 19. Rxc4 Ne5 20. Bxe5
Bxe5 21. Bg2 Rc8 1/2-1/2

[Event "36th Zalakaros Open 2017"]
[Site "Zalakaros HUN"]
[Date "2017.05.19"]
[Round "2.46"]
[White "Gara, Anita"]
[Black "Ganaus, Hannes"]
[Result "1-0"]
[WhiteTitle "IM"]
[BlackTitle "IM"]
[WhiteElo "2373"]
[BlackElo "2271"]
[WhiteFideId "709751"]
[BlackFideId "1602454"]
[EventDate "2017.05.18"]

1. e4 e6 2. d4 d5 3. Bd3 dxe4 4. Bxe4 c5 5. Ne2 Nf6 6. Bf3 Nc6 7. Be3 cxd4 8.
Nxd4 Ne5 9. Nc3 Bb4 10. Nb5 Nxf3+ 11. Qxf3 Qa5 12. O-O-O Bxc3 13. Nxc3 O-O 14.
Qg3 Qf5 15. Bd4 b6 16. Rhe1 Nh5 17. Qe3 f6 18. Ne4 Qf4 19. f3 e5 20. Bc3 Be6 21.
g3 Qxe3+ 22. Rxe3 Rfd8 23. Nd6 g5 24. Red3 Rd7 25. Ne4 Rxd3 26. Rxd3 Kf7 27. a4
Kg6 28. Rd6 Re8 29. a5 bxa5 30. Ra6 g4 31. fxg4 Bxg4 32. Kd2 Re7 33. Bxa5 Bc8
34. Rd6 Rd7 35. c4 Ng7 36. Kc3 Ne8 37. Rxd7 Bxd7 38. b4 f5 39. Nc5 Bc8 40. Kd3
h5 41. Bd8 Kf7 42. b5 Ng7 43. Nb3 Ne6 44. Ba5 h4 45. gxh4 Bb7 46. Bc3 Kf6 47.
Na5 Bg2 48. Nc6 Bf1+ 49. Kd2 Bxc4 50. Bxe5+ Kg6 51. Nxa7 Kh5 52. b6 Bd5 53. Bf6
f4 54. Nb5 Nc5 55. Nd6 Kg4 56. Ke2 Ne4 57. Nxe4 Bxe4 58. Kf2 Bb7 59. Bd8 f3 60.
Be7 Bc6 61. Ke3 Bb7 62. Kf2 Bc6 63. h3+ Kh5 64. Kg3 Bb7 65. Bc5 Kg6 66. Kf4 Kf6
67. Bf2 Bc6 68. h5 Bb7 69. Bd4+ Kf7 70. Ke5 Kg7 71. Be3 1-0

[Event "36th Zalakaros Open 2017"]
[Site "Zalakaros HUN"]
[Date "2017.05.19"]
[Round "2.47"]
[White "Krstulovic, Alex"]
[Black "Papp, Petra"]
[Result "1/2-1/2"]
[WhiteTitle "FM"]
[BlackTitle "WGM"]
[WhiteElo "2280"]
[BlackElo "2371"]
[WhiteFideId "760056"]
[BlackFideId "739049"]
[EventDate "2017.05.18"]

1. d4 Nf6 2. c4 g6 3. Nc3 d5 4. Nf3 Bg7 5. e3 O-O 6. cxd5 Nxd5 7. Bc4 Nxc3 8.
bxc3 c5 9. O-O Qc7 10. Bd3 b6 11. Bb2 Bb7 12. Qe2 Nd7 13. e4 Rac8 14. e5 Bd5 15.
Nd2 cxd4 16. cxd4 Nb8 17. f4 Nc6 1/2-1/2

[Event "36th Zalakaros Open 2017"]
[Site "Zalakaros HUN"]
[Date "2017.05.19"]
[Round "2.48"]
[White "Ivic, Velimir"]
[Black "Terbe, Julianna"]
[Result "1-0"]
[WhiteTitle "FM"]
[BlackTitle "WFM"]
[WhiteElo "2345"]
[BlackElo "2258"]
[WhiteFideId "950122"]
[BlackFideId "708780"]
[EventDate "2017.05.18"]

1. e4 c5 2. Nf3 e6 3. d4 cxd4 4. Nxd4 Nf6 5. Nc3 Nc6 6. Nxc6 bxc6 7. e5 Nd5 8.
Ne4 Qc7 9. f4 Qb6 10. c4 Bb4+ 11. Ke2 f5 12. exf6 Nxf6 13. Be3 Qa5 14. Nxf6+
gxf6 15. a3 Be7 16. Kf2 O-O 17. Bd3 f5 18. b4 Qc7 19. Qf3 Bf6 20. Rad1 Rb8 21.
Bb1 d6 22. c5 d5 23. Bd4 a5 24. Bxf6 Rxf6 25. Rd4 Rg6 26. Re1 axb4 27. axb4 Qe7
28. g3 Rxb4 29. Qc3 Rb5 30. Rc1 Qb7 31. Bd3 Rb3 32. Qa5 Rb2+ 33. Rc2 Rf6 34. Ra4
Rf8 35. Qc3 Rxc2+ 36. Bxc2 Qg7 37. Qxg7+ Kxg7 38. Ke3 Rf7 39. Ra8 Bb7 40. Ra7
Bc8 41. Ra8 Bb7 42. Ra7 Kf6 43. Kd4 Bc8 44. Ra8 Bb7 45. Ra7 Re7 46. Bd3 h6 47.
Bb1 Rf7 48. Bc2 Rg7 49. Bb1 Rd7 50. Ra3 Bc8 51. Ra8 Bb7 52. Rh8 Kg7 53. Rb8 Kf6
54. Bd3 Rc7 55. h3 Bc8 56. g4 Bd7 57. Rf8+ Kg7 58. Rd8 Kf6 59. Rf8+ Kg7 60. Ra8
Kf6 61. Ba6 fxg4 62. hxg4 Ke7 63. Ke5 Be8 64. Bc8 Bf7 65. f5 exf5 66. gxf5 Be8
67. f6+ Kf8 68. Bg4 Rb7 69. Bh5 Rf7 70. Ke6 Rb7 71. Ke5 Rf7 72. Ke6 1-0

[Event "36th Zalakaros Open 2017"]
[Site "Zalakaros HUN"]
[Date "2017.05.19"]
[Round "2.49"]
[White "Varga, Klara"]
[Black "Rudolf, Michal"]
[Result "1/2-1/2"]
[WhiteTitle "WIM"]
[BlackTitle "FM"]
[WhiteElo "2240"]
[BlackElo "2340"]
[WhiteFideId "733210"]
[BlackFideId "1106210"]
[EventDate "2017.05.18"]

1. e4 Nf6 2. e5 Nd5 3. d4 d6 4. c4 Nb6 5. exd6 cxd6 6. Nc3 g6 7. h3 Bg7 8. Nf3
O-O 9. Be3 Nc6 10. Rc1 d5 11. c5 Nc4 12. Bxc4 dxc4 13. O-O Bf5 14. b3 Bd3 15.
Ne2 e5 16. dxe5 Nxe5 17. Nxe5 Bxe5 18. bxc4 Bb2 19. Rc2 Bxc2 20. Qxc2 Bg7 21.
Rb1 Qd7 22. Nf4 Rac8 23. Qb3 b6 24. cxb6 axb6 25. Nd5 Rc6 26. Nxb6 Qf5 27. Nd5
Qe4 28. c5 Rd8 29. Rd1 h6 30. a4 Qe6 31. Rd3 Bf8 32. Qc4 Qe5 33. f4 Qe6 34. Kh2
Rdc8 35. Bd4 Bxc5 36. Re3 Bf8 37. Qb3 Qf5 38. Be5 Re6 39. Rc3 Rxe5 40. Rxc8 Rxd5
41. Qb8 Kh7 42. Rxf8 Qf6 43. Qc7 Kg7 44. Ra8 Rd4 45. a5 Qxf4+ 46. Qxf4 Rxf4 47.
Kg3 1/2-1/2

[Event "36th Zalakaros Open 2017"]
[Site "Zalakaros HUN"]
[Date "2017.05.19"]
[Round "2.50"]
[White "Rapport, Jovana"]
[Black "Szukics, Adam"]
[Result "1-0"]
[WhiteTitle "WGM"]
[WhiteElo "2334"]
[BlackElo "2229"]
[WhiteFideId "937266"]
[BlackFideId "751871"]
[EventDate "2017.05.18"]

1. Nf3 d5 2. c4 e6 3. d4 Nf6 4. Bg5 Nbd7 5. e3 c6 6. Qc2 h6 7. Bh4 Be7 8. Nbd2
O-O 9. Bd3 c5 10. Bxf6 Nxf6 11. dxc5 a5 12. cxd5 Nxd5 13. a3 Bd7 14. Bh7+ Kh8
15. Be4 Bb5 16. Nd4 Ba6 17. c6 Rc8 18. Bd3 e5 19. Bxa6 exd4 20. Bxb7 dxe3 21.
Nc4 exf2+ 22. Kf1 Rc7 23. Qxf2 Nf6 24. Qd2 Qb8 25. Re1 a4 26. Qe3 Nd5 27. Qf3
Rd8 28. Rd1 Nf6 29. Ke2 Bc5 30. Rxd8+ Qxd8 31. Rd1 Re7+ 32. Kf1 Qc7 33. g3 Re4
34. Rd7 Nxd7 35. Qxe4 Nf6 36. Qe5 Qd8 37. c7 Qd1+ 38. Qe1 Qd3+ 39. Kg2 Qc2+ 40.
Qd2 Qxc4 41. c8=Q+ Kh7 42. Qf5+ 1-0

[Event "36th Zalakaros Open 2017"]
[Site "Zalakaros HUN"]
[Date "2017.05.19"]
[Round "2.51"]
[White "Szalanczy, Emil"]
[Black "Raja, Harshit"]
[Result "0-1"]
[WhiteTitle "IM"]
[WhiteElo "2230"]
[BlackElo "2334"]
[WhiteFideId "700347"]
[BlackFideId "5089000"]
[EventDate "2017.05.18"]

1. e4 c5 2. Nf3 d6 3. d4 cxd4 4. Nxd4 Nf6 5. Nc3 a6 6. Bg5 e6 7. f4 Qc7 8. Qe2
Nc6 9. O-O-O Be7 10. g4 h6 11. Bh4 Nxd4 12. Rxd4 g5 13. e5 dxe5 14. fxe5 gxh4
15. exf6 Bxf6 16. Nd5 Qd8 17. Nxf6+ Qxf6 18. Rd2 O-O 19. Qe4 Qg6 20. Qe5 Qg5 21.
Qe4 Qg6 22. Qe5 Qg7 23. Qc7 Qg5 24. Bd3 e5 25. h3 Qe3 26. Rd1 b5 27. Kb1 Ra7 28.
Qc3 Qg5 29. a3 Re7 30. Be4 Qf4 31. Re1 Be6 32. Rde2 Rc8 33. Qb4 Rd7 34. b3 Rcd8
35. Bd3 Rxd3 36. Qxf4 exf4 37. cxd3 Rxd3 38. Rb2 Bxb3 39. Rf2 f3 40. Re5 Be6 41.
Rh5 Rxa3 42. Rxh6 a5 43. Rf6 Bd5 44. Rd2 Bc4 45. g5 Kg7 46. Rd4 f2 47. Rxf2 Rxh3
48. Rff4 Rb3+ 49. Kc2 h3 50. Rh4 Rg3 51. Rd8 Be6 52. Rhh8 Rxg5 53. Kd3 Bf5+ 54.
Ke3 Bh7 55. Kf4 Rh5 56. Rdg8+ Kf6 57. Rg1 h2 58. Rh1 b4 59. Kg3 b3 60. Rb8 Bc2
61. Rb7 a4 62. Kg4 Rh7 63. Rf1+ Ke5 64. Rb5+ Kd4 0-1

[Event "36th Zalakaros Open 2017"]
[Site "Zalakaros HUN"]
[Date "2017.05.19"]
[Round "2.53"]
[White "Paszewski, Mateusz"]
[Black "Jakab, Bela"]
[Result "1/2-1/2"]
[WhiteTitle "FM"]
[WhiteElo "2327"]
[BlackElo "2216"]
[WhiteFideId "1141058"]
[BlackFideId "14933128"]
[EventDate "2017.05.18"]

1. e4 e6 2. d4 d5 3. Nd2 c5 4. Ngf3 Nc6 5. exd5 Qxd5 6. Bc4 Qd8 7. dxc5 Bxc5 8.
O-O Nf6 9. a3 a6 10. Qe2 b5 11. Bd3 Bb7 12. Ne4 Be7 13. Rd1 Qc7 14. c3 O-O 15.
Nfg5 g6 16. Nxf6+ Bxf6 17. Qf3 Qe7 18. Qg3 h6 19. Ne4 Bg7 20. Be3 Rfc8 21. Bc5
Qc7 22. Bd6 Qb6 23. Bc5 Qc7 24. Bd6 Qb6 25. Nc5 Ne5 26. Nxb7 Nxd3 27. Rxd3 Qxb7
28. Rad1 Rd8 29. Qe3 Rd7 30. Be5 1/2-1/2

[Event "36th Zalakaros Open 2017"]
[Site "Zalakaros HUN"]
[Date "2017.05.19"]
[Round "2.54"]
[White "Havanecz, Bianka"]
[Black "Borsos, Bogdan"]
[Result "1-0"]
[WhiteTitle "WIM"]
[BlackTitle "IM"]
[WhiteElo "2210"]
[BlackElo "2321"]
[WhiteFideId "704814"]
[BlackFideId "14100568"]
[EventDate "2017.05.18"]

1. d4 d5 2. Bf4 Nf6 3. e3 e6 4. Nf3 Bd6 5. Bg3 Ne4 6. Nbd2 f5 7. Ne5 O-O 8. Ndf3
Nd7 9. Bd3 Nxg3 10. hxg3 c5 11. Nxd7 Bxd7 12. c3 c4 13. Bc2 h6 14. Ne5 Bxe5 15.
dxe5 Qb6 16. Rb1 Qc5 17. g4 f4 18. Qd4 Rac8 19. Qxc5 Rxc5 20. Ke2 Ra5 21. a3 Ba4
22. Bg6 Rb5 23. g5 fxe3 24. fxe3 Rb6 25. Rh3 hxg5 26. Rbh1 Rf2+ 27. Kxf2 Rxb2+
28. Kg3 Kf8 29. Rh8+ Ke7 30. R1h7 1-0

[Event "36th Zalakaros Open 2017"]
[Site "Zalakaros HUN"]
[Date "2017.05.19"]
[Round "2.55"]
[White "Blohberger, Felix"]
[Black "Szente Varga, Fruzsina"]
[Result "1-0"]
[WhiteTitle "FM"]
[WhiteElo "2319"]
[BlackElo "2190"]
[WhiteFideId "1632051"]
[BlackFideId "712264"]
[EventDate "2017.05.18"]

1. d4 Nf6 2. c4 g6 3. Nc3 Bg7 4. e4 d6 5. Be2 O-O 6. Be3 c5 7. dxc5 dxc5 8. e5
Qxd1+ 9. Rxd1 Ng4 10. Bxc5 Nxe5 11. Nf3 Nxf3+ 12. Bxf3 Bxc3+ 13. bxc3 Nd7 14.
Bd4 Nb6 15. c5 Nc4 16. c6 bxc6 17. Bxc6 Rb8 18. Bxa7 Rb2 19. O-O Rxa2 20. Bc5
Bg4 21. f3 Rc8 22. fxg4 Rxc6 23. Rd8+ Kg7 24. Bxe7 h5 25. g5 f5 26. gxf6+ Kf7
27. Re1 g5 28. Rf8+ Kg6 29. Rg8+ 1-0

[Event "36th Zalakaros Open 2017"]
[Site "Zalakaros HUN"]
[Date "2017.05.19"]
[Round "2.56"]
[White "Beletic, Daniel"]
[Black "Ugroczky, Peter"]
[Result "1/2-1/2"]
[WhiteTitle "FM"]
[BlackTitle "FM"]
[WhiteElo "2315"]
[BlackElo "2185"]
[WhiteFideId "14602709"]
[BlackFideId "758663"]
[EventDate "2017.05.18"]

1. Nf3 d5 2. g3 Nf6 3. Bg2 e6 4. O-O Be7 5. c4 O-O 6. b3 b6 7. Bb2 Bb7 8. e3
dxc4 9. bxc4 c5 10. Qe2 Nc6 11. Rd1 Qc7 12. Nc3 a6 13. Rac1 Rfd8 14. d4 cxd4 15.
exd4 Na5 16. Nb1 Rac8 17. Nbd2 Re8 18. Re1 Nd7 19. Bh3 Bf6 20. Ba3 Qb8 21. Qf1
Red8 22. d5 exd5 23. Be7 Bxe7 24. Rxe7 Qd6 25. Rce1 h6 26. Qe2 dxc4 27. Rxf7
Kxf7 28. Be6+ Kg6 29. Nh4+ Kh7 30. Bf5+ Kg8 31. Be6+ Kh7 32. Bf5+ Kg8 33. Be6+
Kh8 34. Ng6+ Kh7 35. Ne4 Bxe4 36. Qxe4 Qd3 37. Nf8+ 1/2-1/2

[Event "36th Zalakaros Open 2017"]
[Site "Zalakaros HUN"]
[Date "2017.05.19"]
[Round "2.57"]
[White "Csiki, Endre"]
[Black "Rajdeep, Sarkar"]
[Result "1-0"]
[BlackTitle "FM"]
[WhiteElo "2200"]
[BlackElo "2312"]
[WhiteFideId "775126"]
[BlackFideId "25007963"]
[EventDate "2017.05.18"]

1. d4 d5 2. c4 e6 3. Nc3 c6 4. e3 Nf6 5. Nf3 a6 6. c5 b6 7. cxb6 Nbd7 8. Bd3
Nxb6 9. e4 Bb4 10. e5 Nfd7 11. a3 Be7 12. O-O c5 13. dxc5 Nxc5 14. Bc2 Bb7 15.
Nd4 Rc8 16. Qg4 g6 17. Bh6 Qc7 18. Qg3 Ncd7 19. Rac1 Nc4 20. Rfe1 Qb6 21. Nde2
Qxb2 22. Ba4 Qxa3 23. Qf4 Nb6 24. Bxd7+ Nxd7 25. Bg7 g5 26. Qe3 Rg8 27. Bf6 Bxf6
28. exf6 Qc5 29. Ne4 Qb4 30. Rxc8+ Bxc8 31. Rc1 Nb6 32. Qg3 Nc4 33. Qc7 Bd7 34.
Nc5 Qb5 35. Nd4 1-0

[Event "36th Zalakaros Open 2017"]
[Site "Zalakaros HUN"]
[Date "2017.05.19"]
[Round "2.58"]
[White "Secheres, Adrian-Simion"]
[Black "Hradeczky, Tamas"]
[Result "1-0"]
[WhiteTitle "FM"]
[BlackTitle "FM"]
[WhiteElo "2309"]
[BlackElo "2146"]
[WhiteFideId "1217445"]
[BlackFideId "701467"]
[EventDate "2017.05.18"]

1. d4 Nf6 2. Nf3 e6 3. Bf4 c5 4. e3 Nc6 5. c3 Be7 6. h3 b6 7. Nbd2 Bb7 8. Bd3 d6
9. Qe2 h6 10. a4 Qc7 11. Nc4 Rd8 12. O-O O-O 13. Rad1 Rfe8 14. Bh2 Bf8 15. dxc5
bxc5 16. e4 e5 17. Ne3 Nd4 18. cxd4 exd4 19. Nf5 Nxe4 20. Qc2 Qd7 21. N5xd4 cxd4
22. Bb5 d3 23. Rxd3 Qf5 24. Bxe8 Rxe8 25. Rc3 Qa5 26. b4 Qxb4 27. Rc7 Nc5 28.
Qa2 Re6 29. Qb1 Qxb1 30. Rxb1 Be4 31. Ra1 a5 32. Nd4 Re8 33. Nb5 Rd8 34. f3 Bg6
35. Bxd6 Rxd6 36. Rxc5 Rd8 37. Rcc1 Kh7 38. Rd1 Rc8 39. Rac1 Rb8 40. Rd7 f6 41.
Rdc7 Bb4 42. Rc8 Rxc8 43. Rxc8 Bf7 44. Nd4 h5 45. Kf2 Kg6 46. g3 Ba2 47. f4 Bd6
48. Ke3 Kf7 49. Nf5 Bf8 50. Rc7+ Kg8 51. Nd4 g5 52. f5 Bd6 53. Rc8+ Kf7 54. g4
hxg4 55. hxg4 Ke7 56. Rc2 Bd5 57. Nc6+ Kd7 58. Nxa5 Bf4+ 59. Kf2 Be4 60. Rc4 Bd5
61. Rc3 Kd6 62. Nc4+ 1-0

[Event "36th Zalakaros Open 2017"]
[Site "Zalakaros HUN"]
[Date "2017.05.20"]
[Round "3.1"]
[White "Chernyshov, Konstantin"]
[Black "Kovalenko, Igor"]
[Result "1/2-1/2"]
[WhiteTitle "GM"]
[BlackTitle "GM"]
[WhiteElo "2485"]
[BlackElo "2657"]
[WhiteFideId "4117328"]
[BlackFideId "14117908"]
[EventDate "2017.05.18"]

1. e4 c5 2. Nf3 Nc6 3. Bb5 g6 4. O-O Bg7 5. Re1 Nf6 6. d3 O-O 7. h3 Ne8 8. c4
Nc7 9. Nc3 Nd4 10. Ba4 Nxf3+ 11. Qxf3 d6 12. Qg3 a6 13. Rb1 Ne6 14. Bd2 b5 15.
cxb5 Bd7 16. Bb3 axb5 17. Ne2 Rc8 18. Bc3 Bxc3 19. Nxc3 Nd4 20. Ne2 Nxe2+ 21.
Rxe2 c4 22. dxc4 bxc4 23. Bc2 Qa5 24. e5 dxe5 25. Rxe5 Qd2 26. Qc3 Qxc3 27. bxc3
e6 28. Rb4 Rc7 29. a4 Rfc8 30. f4 f6 31. Re4 Rc5 32. Bd1 e5 33. Be2 Bf5 34.
Rexc4 exf4 35. Rxc5 Rxc5 36. Rc4 Re5 37. Bg4 Bxg4 38. hxg4 g5 39. Kf2 Kf7 40.
Rb4 Kg6 41. Rb5 Re4 42. Rb4 Re5 43. Rb5 Re6 44. a5 Ra6 45. Kf3 h5 46. gxh5+ Kxh5
47. Rb6 Rxa5 48. Rxf6 Rc5 49. g4+ fxg3 50. Kxg3 Rxc3+ 51. Kg2 Kg4 1/2-1/2